• 首页
  • 本馆介绍
  • 公告通知
  • 最新文献
  • 馆藏检索
  • 电子资源
  • 读者导购
  • 参考咨询
  • 我的图书馆
  • 登录
  • 详细信息显示
  • 放入我的书架
  • 预约/预借图书
  • 作者相关作品
  • 分类相关作品
  • 丛书相关作品
  • 出版社相关作品

书目信息

  • 表格格式
  • 工作单格式
  • 卡片格式
题名:
全球化视野中的伦理批判与道德教育的重构
    
 
作者: 林滨 , 贺希荣 , 罗明星 著
分册:  
出版信息: 北京   人民出版社  2007
页数: 261页
开本: 23cm
丛书名: “中国现代化进程中的伦理变迁与道德教育”研究丛书
单 册:
中图分类: B82-052 , D648.3
科图分类:
主题词: 伦理学--公民教育--研究--中国 , 社会公德教育--研究--中国 , 伦理学 , 公民教育 , 社会公德教育
电子资源:
ISBN: 978-7-01-006625-7
000 01457oam2 2200337 450
001 1255996047
005 20120930153416.82
010    @a978-7-01-006625-7@dCNY33.00
100    @a20080513d2007 em y0chiy50 ea
101 0  @achi
102    @aCN@b110000
105    @ay z 000yy
200 1  @a全球化视野中的伦理批判与道德教育的重构@9quan qiu hua shi ye zhong de lun li pi pan yu dao de jiao yu de chong gou@f林滨,贺希荣,罗明星等著
210    @a北京@c人民出版社@d2007
215    @a261页@d23cm
225 2  @a“中国现代化进程中的伦理变迁与道德教育”研究丛书
300    @a中山大学985一期规划项目及广东省“千百十”优秀人才培养基金项目并得到项目资助
330    @a本书从两个层面展开:一方面以全球化作为视野,对存在于伦理层面的各式各样的问题和困境提出批判;一方面,以第一个方面为话题规定,提出生命本体的核心概念,从人与自然、人与社会、人与人、人与自我等各个方面进行探求,从文化、制度、教育等维度来思考和探索道德建设,从而为全球化时代的伦理批判和道德重构提供理性审视。
461  0 @12001 @a“中国现代化进程中的伦理变迁与道德教育”研究丛书
606 0  @a伦理学@x公民教育@x研究@y中国
606 0  @a社会公德教育@x研究@y中国
606 0  @a伦理学
606 0  @a公民教育
606 0  @a社会公德教育
690    @aB82-052@v4
690    @aD648.3@v4
701  0 @a林滨@9lin bin@c(女,@f1963~)@4著
701  0 @a贺希荣@9he xi rong@4著
701  0 @a罗明星@9luo ming xing@c(道德教育)@4著
801  0 @aCN@b91MARC@c20101222
905    @a10447@dB82-052@eJY227
    
    全球化视野中的伦理批判与道德教育的重构/林滨,贺希荣,罗明星等著.-北京:人民出版社,2007
    261页;23cm.-(“中国现代化进程中的伦理变迁与道德教育”研究丛书)
    中山大学985一期规划项目及广东省“千百十”优秀人才培养基金项目并得到项目资助
    
    ISBN 978-7-01-006625-7:CNY33.00
    本书从两个层面展开:一方面以全球化作为视野,对存在于伦理层面的各式各样的问题和困境提出批判;一方面,以第一个方面为话题规定,提出生命本体的核心概念,从人与自然、人与社会、人与人、人与自我等各个方面进行探求,从文化、制度、教育等维度来思考和探索道德建设,从而为全球化时代的伦理批判和道德重构提供理性审视。
●
相关链接 在E读中查询图书 在五车中查询图书 在当当中查询图书 在豆瓣中查询图书


正题名:全球化视野中的伦理批判与道德教育的重构     索取号:B82-052/JY227         预约/预借

序号 登录号 条形码 馆藏地/架位号 状态 备注
1 7829934   278299342   学院路分馆/ [索取号:B82-052/JY227] 在馆    
2 7829935   278299351   学院路分馆/ [索取号:B82-052/JY227] 在馆    
唐山师范学院图书馆 欢迎您!
大连网信软件有限公司© 版权所有